000
00332nam a2200121 a 4500
005
20140414131920.0
008
101022s19uu xx 00 eng d
050
_a
ER
_b
Sn3 2003
245
_a
Snow white and the seven dwarfs.
260
_a
Leicestershire, UK :
_b
Ladybird,
_c
2003.
440
_a
Walt Disney's Classic
999
_c
111679
_d
111679